Statistics for Super Rugby Aupiki 2022 - Competing Teams (With a Map)

Click here to take the quiz!

General Stats

  • This quiz has been taken 13 times
  • The average score is 3 of 5

Answers on the Map

Answers color-coded by a green-red scale on the quiz's map according to % correct below.
 

Answer Stats

Teams% Correct
Blues
91%
Hurricanes
91%
Chiefs
73%
Matatū
0%
Matatū
0%

Score Distribution

Percentile by Number Answered

Percent of People with Each Score

Your Score History

You have not taken this quiz